000 00543nam a2200181Ia 4500
008 090123s9999 xx 000 0 und d
082 _b43341
100 _aराऊत भारतकुमार
245 _a्अशी 'ही' मुबंई
250 _a1
260 _c2008
300 _a141
600 _aराऊत भारतकुमार
630 _a्अशी 'ही' मुबंई
700 _aराऊत भारतकुमार
730 _a्अशी 'ही' मुबंई
942 _cBOOK
999 _c81448
_d81448